• 首页
  • 本馆介绍
  • 公告通知
  • 最新文献
  • 馆藏检索
  • 电子资源
  • 读者荐购
  • 参考咨询
  • CALIS
  • 我的图书馆
  • 登录
  • 详细信息显示
  • 放入我的书架
  • 预约/预借图书
  • 作者相关作品
  • 分类相关作品
  • 丛书相关作品
  • 出版社相关作品

书目信息

  • 表格格式
  • 工作单格式
  • 卡片格式
题名:
探索式软件测试
    
 
作者: 惠特克 著 ;方敏 , 张胜 , 钟倾东 , 郭艳春 译
分册:  
出版信息: 北京   清华大学出版社  2010.04
页数: 230页
开本: 23cm
丛书名:
单 册:
中图分类: TP311.5
科图分类:
主题词: 软件--测试
电子资源:
ISBN: 978-7-302-22384-9
 
 
 
 
 
000 01152nam0 2200325 450
001 1063090296
005 20101112173517.29
010    @a978-7-302-22384-9@dCNY35.00
100    @a20101129d2010 km y0chiy0120 ea
101 1  @achi@ceng
102    @aCN@b110000
105    @aa z 000yy
200 1  @a探索式软件测试@f(美) James A. Whittaker著@g方敏 … [等] 译
210    @a北京@c清华大学出版社@d2010.04
215    @a230页@c图@d23cm
304    @a本书译还有:张胜, 钟颂东, 郭艳春
305    @aPearson Education授权出版
312    @a英文题名:取自版权页
314    @a本书责任者的汉译姓:取自版权页
330    @a本书探索了如何发现和修复被常规软件测试忽略的关键软件缺陷,揭示了当下最严重、隐藏最深的软件错误的真正诱因,介绍了如何利用功能强大的探索式测试技术来找到并纠正这些错误。
500 10 @aExploratory software testing@mChinese
606 0  @x软件@x测试
690    @aTP311.5@v4
701  1 @a惠特克@Ahui te ke@g(Whittaker, James A.)@4著
702  0 @a方敏@Afang min@4译
702  0 @a张胜@Azhang sheng@4译
702  0 @a钟倾东@Azhong qing dong@4译
702  0 @a郭艳春@Aguo yan chun@4译
801  0 @aCN@c20101129
905    @dTP311.5@eH951
    
    探索式软件测试/(美) James A. Whittaker著/方敏 … [等] 译.-北京:清华大学出版社,2010.04
    230页:图;23cm
    
    
    ISBN 978-7-302-22384-9:CNY35.00
    本书探索了如何发现和修复被常规软件测试忽略的关键软件缺陷,揭示了当下最严重、隐藏最深的软件错误的真正诱因,介绍了如何利用功能强大的探索式测试技术来找到并纠正这些错误。
●
相关链接 在E读中查询图书 在当当中查询图书 在豆瓣中查询图书


正题名:探索式软件测试     索取号:TP311.5/H951         预约/预借

序号 登录号 条形码 馆藏地/架位号 状态 备注
1 1033801   210338017   自科库301/301自科库 49排4列5层/ [索取号:TP311.5/H951] 在馆    
2 1033802   210338026   自科库301/301自科库 49排4列5层/ [索取号:TP311.5/H951] 在馆    
3 1033803   210338035   自科二线504/504自科库 30排3列5层/ [索取号:TP311.5/H951] 在馆    
河南城建学院图书馆 欢迎您!
大连网信软件有限公司© 版权所有